00579nam a2200193Ia 4500008004100000020001800041082001500059100001800074245002600092250000600118260003900124300001500163500002400178650001400202700005000216942000700266952009500273999001700368230524s9999 xx 000 0 und d a9789382332282 a621.7bNAR aK.L. Narayana 0aProduction Technology a3 aNew DelhibI.K.Internationalc2013 a"VI,298p;" aQuantity Number: 1 aMechanics aSwarna Venkata Ramana &P.Vamsi Krishna942935 cBK 00104070aTATCLbTATCLcGENd2023-05-24l0o621.7 NARp54191r2023-05-24w2023-05-24yBK c57898d57898